| 000 | 00667nam a2200217 ar4500 | ||
|---|---|---|---|
| 001 | 1551 | ||
| 005 | 20221127090237.0 | ||
| 008 | 091208s xxka 00110|eng d | ||
| 020 | _a0007190239 | ||
| 082 | 0 | 4 |
_a428.2402465 _bR538 2004 |
| 100 | 1 | _aRobbins, Sue. | |
| 245 | 1 | 0 |
_aCollins Cobuild business vocabulary in practice / _cSue Robbins. |
| 246 | 0 | _aBusiness vocabulary in practice. | |
| 250 | _a2nd ed. | ||
| 260 |
_aGlascow : _bHarperCollins, _c2004. |
||
| 300 |
_avii, 248 p. : _bill. ; _c24 cm. |
||
| 500 | _aIncludes index. | ||
| 650 | 4 |
_aEnglish language _vTextbooks. |
|
| 650 | 4 | _aVocabulary. | |
| 650 | 4 |
_aEnglish language _vTextbooks for foreign speakers. |
|
| 999 |
_c1549 _d1549 |
||